000 00487nam a22002177a 4500
001 40
003 CO-ViMGA
005 20230915225007.0
008 150527b xxu||||| |||| 00| 0
020 _a9789588787299
040 _aCO-ViMGA
_bspa
_cCO-ViMGA
090 _bA MAR39
100 1 _4MÁRQUEZ PEPE
245 1 0 _aNIDOS
250 _aera ED
260 _aBOGOTA
_bKALANDRAKA
_c2013
300 _a[32]PAGINAS
650 1 4 _2LIBRO ALBUM
700 1 _4COLOMBO NATALIA
942 _2ddc
_cBK
999 _c111
_d111